000 00781cam a22002773a 4500
001 4717
003 PGUSA
005 20140828083105.0
008 031201s2003||||xxu|||||s|||||000 1 eng d
040 _aPGUSA
_beng
042 _adc
050 4 _aPQ
100 1 _aVerne, Jules,
_d1828-1905
245 1 0 _aAutour de la Lune
_h[electronic resource] /
_cJules Verne
260 _bProject Gutenberg,
_c2003
506 _aPublic domain in the USA.
516 _aElectronic text
653 _aManned space flight -- Fiction
653 _aMoon -- Fiction
653 _aSpace ships -- Fiction
653 _aSpace flight to the moon -- Fiction
653 _aScience fiction
830 0 _aProject Gutenberg
_v4717
856 4 0 _uhttp://www.gutenberg.org/ebooks/4717
942 _cEB
999 _c234046
_d234046